China, oil, and Asia, conflict ahead?

This is the first comprehensive report on Peking's offshore oil and gas program. Harrison shows why a growing Chinese offshore capability could foreshadow significant clashes with neighboring countries and thus affect the future of Taiwan and South Korea, the Sino-Japanese-Soviet triangle, and...

Disgrifiad llawn

Wedi'i Gadw mewn:
Manylion Llyfryddiaeth
Prif Awdur: Harrison, Selig S.
Fformat: Llyfr
Iaith:Undetermined
Cyhoeddwyd: New York Columbia University Press 1997
Pynciau:
Tagiau: Ychwanegu Tag
Dim Tagiau, Byddwch y cyntaf i dagio'r cofnod hwn!
Thư viện lưu trữ: Trung tâm Học liệu Trường Đại học Cần Thơ
LEADER 01201nam a2200205Ia 4500
001 CTU_227753
008 210402s9999 xx 000 0 und d
082 |a 338.2728 
082 |b H318 
100 |a Harrison, Selig S. 
245 0 |a China, oil, and Asia, conflict ahead? 
245 0 |c Selig S. Harrison 
260 |a New York 
260 |b Columbia University Press 
260 |c 1997 
520 |a This is the first comprehensive report on Peking's offshore oil and gas program. Harrison shows why a growing Chinese offshore capability could foreshadow significant clashes with neighboring countries and thus affect the future of Taiwan and South Korea, the Sino-Japanese-Soviet triangle, and Sino-Vietnamese and Sino-Filipino relations. In projecting long-term production capabilities, the author is more bullish than recent CIA studies, but he continues to stress that Peking is unlikely to have large surpluses for export to other countries, with the notable exception of Japan. 
650 |a Công nghiệp dầu khí và thương mại,Petroleum industry and trade 
650 |z Trung Quốc,China 
910 |b dqhieu 
980 |a Trung tâm Học liệu Trường Đại học Cần Thơ